Statistics for Jason Aldean Charting Songs (Billboard Hot 100)

Click here to take the quiz!

General Stats

  • This quiz has been taken 37 times
    (7 since last reset)
  • The average score is 17 of 40

Answer Stats

AlbumWeeks OnPeakArtist(s)Song% Correct
My Kinda Party20 Weeks#39Jason AldeanMy Kinda Party
86%
Highway Desperado20 Weeks#1 (1 Week)Jason AldeanTry That in a Small Town
86%
Old Boots, New Dirt20 Weeks#12Jason AldeanBurnin It Down
71%
My Kinda Party27 Weeks#7Jason Aldean ft. LudacrisDirt Road Anthem
71%
Macon, Georgia25 Weeks#15Jason Aldean & Carrie UnderwoodIf I Didn't Love You
71%
Night Train20 Weeks#26Jason AldeanNight Train
71%
Rearview Town18 Weeks#40Jason AldeanRearview Town
71%
Jason Aldean20 Weeks#59Jason AldeanAmarillo Sky
57%
They Don't Know18 Weeks#52Jason AldeanAny Ol' Barstool
57%
Wide Open20 Weeks#18Jason AldeanBig Green Tractor
57%
My Kinda Party20 Weeks#32Jason AldeanFly Over States
57%
Jason Aldean13 Weeks#68Jason AldeanHicktown
57%
Relentless16 Weeks#68Jason AldeanJohnny Cash
57%
They Don't Know19 Weeks#43Jason AldeanLights Come On
57%
Night Train20 Weeks#12Jason AldeanTake a Little Ride
57%
My Kinda Party20 Weeks#38Jason AldeanTattoos On This Town
57%
Macon, Georgia10 Weeks#78Jason AldeanThat's What Tequila Does
57%
Night Train20 Weeks#40Jason Aldean with Luke Bryan & Eric ChurchThe Only Way I Know
57%
Wide Open20 Weeks#40Jason AldeanThe Truth
57%
Wide Open20 Weeks#29Jason AldeanShe's Country
43%
They Don't Know12 Weeks#67Jason AldeanThey Don't Know
43%
Old Boots, New Dirt18 Weeks#46Jason AldeanTonight Looks Good On You
43%
Macon, Georgia20 Weeks#32Jason AldeanTrouble with a Heartbreak
43%
Night Train20 Weeks#38Jason AldeanWhen She Says Baby
43%
Jason Aldean20 Weeks#43Jason AldeanWhy
43%
They Don't Know13 Weeks#52Jason AldeanA Little More Summertime
29%
Wide Open17 Weeks#51Jason AldeanCrazy Town
29%
Rearview Town19 Weeks#46Jason AldeanGirl Like You
29%
916 Weeks#62Jason AldeanWe Back
29%
Rearview Town20 Weeks#28Jason AldeanYou Make It Easy
29%
Night Train11 Weeks#52Jason Aldean1994
14%
917 Weeks#30Jason AldeanBlame It on You
14%
My Kinda Party31 Weeks#31Jason Aldean with Kelly ClarksonDon't You Wanna Stay
14%
Rearview Town19 Weeks#32Jason Aldean ft. Miranda LambertDrowns the Whiskey
14%
Old Boots, New Dirt16 Weeks#54Jason AldeanGonna Know We Were Here
14%
925 Weeks#16Jason AldeanGot What I Got
14%
Old Boots, New Dirt18 Weeks#54Jason AldeanJust Gettin' Started
14%
Old Boots, New Dirt1 Week#76Jason AldeanTwo Night Town
14%
Relentless16 Weeks#61Jason AldeanLaughed Until We Cried
0%
Old Boots, New Dirt2 Weeks#71Jason AldeanSweet Little Somethin'
0%

Score Distribution

Percentile by Number Answered

Percent of People with Each Score

Your Score History

You have not taken this quiz since the last reset